| 000 | 01119nac a22003737a 4500 | ||
|---|---|---|---|
| 001 | BR0403977 | ||
| 003 | BR-BrBNA | ||
| 005 | 20240105123037.0 | ||
| 008 | 230509b bl.|||m| |||| 00| 0 por d | ||
| 040 |
_aBR-BrBNA _bpor _cBiblioteca Nacional de Agricultura |
||
| 072 | _aE70 | ||
| 090 | _a0430 BR0403977 | ||
| 100 | 1 | _aMaia, A.S. | |
| 100 | 1 | _aGuimarães, P.M. | |
| 110 | 1 |
_aCentro Nacional de Pesquisa do Algodão, Campina Grande, PB (Brasil) _91702 |
|
| 245 | 1 | _aCotações de mercado e demais indicadores econômicos relativos ao algodão | |
| 260 | 3 |
_aCampina Grande, PB (Brasil): _c1983. |
|
| 300 | _a18 p. | ||
| 490 |
_aDocumentos - Centro Nacional de Pesquisa do Algodão (Brazil) _vno. 23 _x |
||
| 500 | _a24 ref. | ||
| 650 | _aALGODÃO | ||
| 650 | _aPRODUÇÃO VEGETAL | ||
| 650 | _aCOMERCIALIZAÇÃO | ||
| 650 | _aABASTECIMENTO | ||
| 650 | _aARMAZENAMENTO | ||
| 650 | _aMERCADO | ||
| 650 | _aPREÇO | ||
| 650 | _aCOTAÇÃO | ||
| 650 | _aEXPORTAÇÃO | ||
| 650 | _aCONSUMO | ||
| 650 | _aIMPORTAÇÃO | ||
| 909 |
_a202312 _bLúcia Elande _c55 _dLúcia Elande |
||
| 942 |
_2AGRIS _n0 _cMS |
||
| 999 |
_c293762 _d293762 |
||